000 01134 a2200313 4500
003 OSt
005 20180116192359.0
008 120618t xxu||||| |||| 00| 0 eng d
010 _a 2011286003
020 _a9780714859569 (pbk.)
020 _a0714859567 (pbk.)
035 _a(OCoLC)ocn656777082
040 _c0
082 0 4 _a307.76
245 0 4 _aThe endless city :
_bthe urban age project by the London School of Economics and Deutsche Bank's Alfred Herrhausen Sociey /
_cedited by Ricky Burdett and Deyan Sudjic.
260 _aLondon :
_bPhaidon,
_c2010.
300 _a510 p. :
_bill. ;
_c24 cm.
500 _aOriginally published: 2007.
650 1 0 _aUrbanization.
_94731
650 1 0 _aUrban policy.
_94732
650 1 0 _aCity planning.
_94733
650 1 0 _aGlobalization.
_94734
700 1 _aBurdett, Richard.
_94735
700 1 _aSudjic, Deyan.
_94736
710 2 _aLondon School of Economics and Political Science.
_94737
710 2 _aAlfred Herrhausen Gesellschaft für Internationalen Dialog.
_94738
942 _aSADA
_cBK
_k307.76 END 2010
_2ddc
999 _c353227
_d353227